MARC details
| 000 -LEADER |
| fixed length control field |
01148nam a2200289 a 4500 |
| 001 - CONTROL NUMBER |
| control field |
vtls001803191 |
| 003 - CONTROL NUMBER IDENTIFIER |
| control field |
NLI |
| 005 - DATE AND TIME OF LATEST TRANSACTION |
| control field |
20210629045717.0 |
| 008 - FIXED-LENGTH DATA ELEMENTS--GENERAL INFORMATION |
| fixed length control field |
140215s1926 enkaef 000 0 eng |
| 039 #9 - LEVEL OF BIBLIOGRAPHIC CONTROL AND CODING DETAIL [OBSOLETE] |
| -- |
201402152259 |
| -- |
VLOAD |
| 040 ## - CATALOGING SOURCE |
| Original cataloging agency |
NLI |
| Language of cataloging |
eng |
| Transcribing agency |
Entertech IMP - 2013 |
| Description conventions |
AACR2 |
| 041 1# - LANGUAGE CODE |
| Language code of text/sound track or separate title |
eng |
| Language code of original |
. |
| 044 ## - COUNTRY OF PUBLISHING/PRODUCING ENTITY CODE |
| MARC country code |
enk |
| 082 ## - DEWEY DECIMAL CLASSIFICATION NUMBER |
| Classification number |
137 |
| 100 1# - MAIN ENTRY--PERSONAL NAME |
| Personal name |
Spiers, Richard Phene, |
| Dates associated with a name |
1838-1916 |
| 9 (RLIN) |
1140206 |
| 245 14 - TITLE STATEMENT |
| Title |
The orders of architecture, Greek, Roman, and italian : |
| Remainder of title |
a selection of examples from Normands " parallel" and other authorities, with notes on the origin and development of classic orders and descriptions of the plates / |
| Statement of responsibility, etc. |
Richard Phene Spiers |
| 250 ## - EDITION STATEMENT |
| Edition statement |
5th rev. enl. ed. |
| 260 ## - PUBLICATION, DISTRIBUTION, ETC. |
| Place of publication, distribution, etc. |
London : |
| Name of publisher, distributor, etc. |
B. T. Batsford, |
| Date of publication, distribution, etc. |
[1926]] |
| 300 ## - PHYSICAL DESCRIPTION |
| Extent |
4 p.1., 20 p. : |
| Other physical details |
11., front., ill., plates., plan. ; |
| Dimensions |
38 cm. |
| 500 ## - GENERAL NOTE |
| General note |
A short list of selected reference works, containing illustrations of the order as employed in ancient buildings |
| 650 #0 - SUBJECT ADDED ENTRY--TOPICAL TERM |
| Topical term or geographic name entry element |
Scientists |
| General subdivision |
Biography |
| 9 (RLIN) |
690449 |
| 887 ## - NON-MARC INFORMATION FIELD |
| Content of non-MARC field |
|
| 901 ## - LOCAL DATA ELEMENT A, LDA (RLIN) |
| a |
IMP44863 |
| 902 ## - LOCAL DATA ELEMENT B, LDB (RLIN) |
| a |
137 C. 108 |
| 949 ## - LOCAL PROCESSING INFORMATION (OCLC) |
| -- |
VIRTUAITEM |
| -- |
10000 |
| -- |
100 |
| 6 |
IMP000044863ENG |
| 942 ## - ADDED ENTRY ELEMENTS (KOHA) |
| Source of classification or shelving scheme |
Dewey Decimal Classification |
| Koha item type |
Books |